00542nam a22001937a 4500003000500000005001700005008004100022010001000063011001000073035001000083040000900093082001600102100001800118245009900136260002900235300001100264650003000275650004300305CHAP20220329135044.0971013s1949 r 00010 d a30214 a31186 a35298 cCHAP a621.03bC6600aCooper, S. A. aConsise international dictionary of mechanics & geologyb: english, french, german and spanish aLondon :bCassell,c1949 a400 p.14aGeologíaxDiccionarios.14aIngeniería mecánicaxDiccionarios.